[Event "Pavlodar op"]
[Site "Pavlodar"]
[Date "2014.12.05"]
[Round "6"]
[White "Mukanov, Adilzhan"]
[Black "Kali, Yelimzhan"]
[Result "0-1"]
[WhiteElo "1735"]
[BlackElo "1757"]
[PlyCount "68"]
[EventDate "2014.12.01"]
[EventType "swiss"]
[EventRounds "9"]
[EventCountry "KAZ"]
[SourceTitle "EXT 2016"]
[Source "ChessBase"]
[SourceDate "2015.10.08"]
[SourceVersion "1"]
[SourceVersionDate "2015.10.08"]
[SourceQuality "1"]

1. e4 e5 2. Nf3 Nc6 3. d4 exd4 4. Bc4 Nf6 5. 0-0 Nxe4 6. Re1 d5 7. Bxd5 Qxd5 8. Nc3 Qh5 9. Nxe4 Be6 10. Bg5 Bd6 11. Bf6 0-0 12. Bxd4 Nxd4 13. Qxd4 Bg4 14. Nxd6 Bxf3 15. Nc4 Qg5 16. g3 Rad8 17. Qc3 Bd5 18. Re5 Qf6 19. Ne3 Bc6 20. Nf5 Kh8 21. Rae1 h6 22. Qe3 Rfe8 23. Ne7 Bd7 24. c4 c6 25. b3 Be6 26. Nf5 Bd7 27. Qc5 Rxe5 28. Rxe5 b6 29. Qd6 Be6 30. Qc7 Rd1+ 31. Kg2 Bxf5 32. Re8+ Kh7 33. Qxa7 Bg4 34. Re3 Qa1 0-1

[Event "Pavlodar op"]
[Site "Pavlodar"]
[Date "2013.12.11"]
[Round "3"]
[White "Mukanov, Adilzhan"]
[Black "Ternovoy, Konstantin"]
[Result "1-0"]
[WhiteElo "1735"]
[BlackElo "1964"]
[PlyCount "113"]
[EventDate "2013.12.10"]
[EventType "swiss"]
[EventRounds "10"]
[EventCountry "KAZ"]
[SourceTitle "CBM 158 Extra"]
[Source "ChessBase"]
[SourceDate "2014.02.28"]
[SourceVersion "1"]
[SourceVersionDate "2014.02.28"]
[SourceQuality "1"]

1. e4 c5 2. Nf3 Nc6 3. d4 cxd4 4. Nxd4 Nf6 5. Nc3 a6 6. Nxc6 dxc6 7. Qxd8+ Kxd8 8. Be3 Kc7 9. Bf4+ e5 10. Bxe5+ Bd6 11. Bxd6+ Kxd6 12. 0-0-0+ Ke5 13. g3 Bg4 14. f4+ Ke6 15. Bc4+ Ke7 16. e5 Nd7 17. Rd6 f6 18. h3 fxe5 19. Rd2 Be6 20. Bxe6 Kxe6 21. Rhd1 Nb6 22. Ne4 exf4 23. Nc5+ Ke7 24. Re2+ Kf7 25. Rf1 Rhe8 26. Rxf4+ Kg8 27. Rfe4 Rxe4 28. Rxe4 Rf8 29. b3 Rf3 30. Nxb7 Rxg3 31. Nd6 g6 32. h4 Nd5 33. Ra4 Rc3 34. Ne4 Re3 35. Kd2 Rh3 36. Rc4 Ne7 37. Nc5 a5 38. Nb7 Nf5 39. Nxa5 Rxh4 40. Rxh4 Nxh4 41. Nxc6 g5 42. a4 g4 43. Nd4 g3 44. Ke2 Nf5 45. a5 g2 46. Kf2 Nxd4 47. a6 Nb5 48. c4 Nc7 49. a7 Kf7 50. b4 Ke6 51. b5 Na8 52. c5 Kd7 53. b6 Kc6 54. Kxg2 h5 55. Kf3 h4 56. Kf2 h3 57. Kg1 1-0